000 00688nam a2200229Ia 4500
003 OSt
005 20220923221652.0
006 a|||||r|||| 00| 0
007 ta
008 tam
024 _a199,194
037 _cTextual
040 _aARTS
_cARTS
_btam
041 _2tam
_atam
082 _aP31, 152K0
100 _aमहालिंगम, एस
245 0 _aतमिल स्वयंशिक्षक
246 _aTamil svayanshikṣhaka
260 _aमद्रास
_b दक्षिण भारत हिन्दी प्रचार सभा
_c1973
942 _hP31, 152K0
_cTEXL
_2CC
999 _c350969
_d350969